00697 a2200181 4500999001500000010001400015020002400029035001300053037001500066082001200081100002300093245007700116260004900193270010100242300002600343942003100369952011500400 c5013d5013 aENG-86691 a8181500164c1500.00 aEN-70224 bDBAD / PUB14a759.954 aGill, Ranjit Singh1 aRagamala painting :cby Ranjit Singh Gillba journey from music to art / aNew DelhibAravali Books Internationalc2006 aW-30, Okhla Industrial Area, Phase II,bNew Delhie110 020k26388830-32mAravali@nde.vsnl.net.in a171pc29cm (Hb)bill. adplcEN2ddch759.954mGIL 001040718NFICaDBADbDBADeDBAD/PUBg1500.00l0o759.954 GILpEN-70224r2008-09-15 00:00:00t1v1500.00yEN